| 000 | 00759nam a2200217 a 4500 | ||
|---|---|---|---|
| 001 | 001153563 | ||
| 003 | AM-YeHGA | ||
| 005 | 20250617152344.0 | ||
| 008 | 160602s1895 ||| r 000 0 rus d | ||
| 040 | _aAM-YeHGA | ||
| 041 | 0 | _arus | |
| 100 | 1 | _aГрязнов, Ф | |
| 245 | 1 | 0 |
_aВоенный обзор передового театра в Азиатской Турции / _cФ. Грязнов. |
| 260 |
_aТифлис : _bОтд. Ген. штаба Кавк. воен. окр., _c1895. |
||
| 300 | _aчасть. | ||
| 505 | 1 | _gЧ. 1 (1895; 620 с.: [1] л. карт.) | |
| 651 | 4 | _aТурция | |
| 653 | 0 | _aРусско-турецкая граница | |
| 710 | 2 |
_aКавказский военный окр. _bШтаб |
|
| 090 | _c371057 | ||
| 999 |
_c369185 _d369185 |
||